Sports Quiz

Random Sports or Olympics Quiz

2010 Winter Olympic Events Quiz Stats

 Plays Quiz not verified by Sporcle

Challenge
Share
Tweet
Embed
Score 0/15 Timer 03:00
0 Plays Today
Event % Correct
Figure Skating
82.7%
Hockey
82.3%
Speed Skating
81.5%
Luge
80.7%
Bobsled
77.4%
Curling
77.4%
Snowboarding
74.1%
Cross-Country
69.5%
Event % Correct
Skeleton
67.1%
Biathlon
63.4%
Ski Jumping
56.8%
Alpine Skiing
51%
Nordic Combined
38.3%
Short Track
35.4%
Freestyle Skiing
31.7%

You're not logged in!

Compare scores with friends on all Sporcle quizzes.
Join for Free
OR
Log In

You Might Also Like...

Show Comments

Extras

Top Quizzes Today


Score Distribution

Your Account Isn't Verified!

In order to create a playlist on Sporcle, you need to verify the email address you used during registration. Go to your Sporcle Settings to finish the process.

Report this User

Report this user for behavior that violates our Community Guidelines.

Details: